Electronic devices and circuit theory (Record no. 68156)

000 -LEADER
fixed length control field 00765nam a22002297a 4500
003 - CONTROL NUMBER IDENTIFIER
control field NUST-PNEC
005 - DATE AND TIME OF LATEST TRANSACTION
control field 20170116181043.0
008 - FIXED-LENGTH DATA ELEMENTS--GENERAL INFORMATION
fixed length control field 140517b xxu||||| |||| 00| 0 eng d
020 ## - INTERNATIONAL STANDARD BOOK NUMBER
International Standard Book Number 9788131727003
020 ## - INTERNATIONAL STANDARD BOOK NUMBER
International Standard Book Number 0135026490
040 ## - CATALOGING SOURCE
Transcribing agency PNEC
082 ## - DEWEY DECIMAL CLASSIFICATION NUMBER
Classification number 621.3815 BOY
100 ## - MAIN ENTRY--PERSONAL NAME
9 (RLIN) 44
Personal name Boylestad, Robert L.
245 ## - TITLE STATEMENT
Title Electronic devices and circuit theory
Statement of responsibility, etc. Robert L. Boylestad
250 ## - EDITION STATEMENT
Edition statement 10th ed.
260 ## - PUBLICATION, DISTRIBUTION, ETC.
Place of publication, distribution, etc. New Dehli
Name of publisher, distributor, etc. Dorling Kindersley by Pearson Education
Date of publication, distribution, etc. c.2009
300 ## - PHYSICAL DESCRIPTION
Extent xv, 892 p. :
Other physical details ill.:
Dimensions 25 cm.
500 ## - GENERAL NOTE
General note Includes Index
650 ## - SUBJECT ADDED ENTRY--TOPICAL TERM
General subdivision EE, EL
856 ## - ELECTRONIC LOCATION AND ACCESS
Uniform Resource Identifier <a href="http://www.amazon.com/Electronic-Devices-Circuit-Theory-10th/dp/8131727009/ref=sr_1_1?s=books&ie=UTF8&qid=1423057673&sr=1-1&keywords=9788131727003">http://www.amazon.com/Electronic-Devices-Circuit-Theory-10th/dp/8131727009/ref=sr_1_1?s=books&ie=UTF8&qid=1423057673&sr=1-1&keywords=9788131727003</a>
942 ## - ADDED ENTRY ELEMENTS (KOHA)
Source of classification or shelving scheme
Koha item type Book
Holdings
Withdrawn status Lost status Source of classification or shelving scheme Damaged status Not for loan Permanent Location Current Location Shelving location Date acquired Total Checkouts Full call number Barcode Date last seen Date last checked out Price effective from Koha item type
          Pakistan Navy Engineering College (PNEC) Pakistan Navy Engineering College (PNEC)     1 621.3815 BOY PNECLIB-015958 07/13/2016 02/04/2016   Book
          Pakistan Navy Engineering College (PNEC) Pakistan Navy Engineering College (PNEC)     1 621.3815 BOY PNECLIB-029893 12/07/2015 12/07/2015   Book
          Pakistan Navy Engineering College (PNEC) Pakistan Navy Engineering College (PNEC)     3 621.3815 BOY PNECLIB-031384 11/15/2016 11/15/2016   Book
          Pakistan Navy Engineering College (PNEC) Pakistan Navy Engineering College (PNEC)       621.3815 BOY PNECLIB-029895 05/24/2016     Book
          Pakistan Navy Engineering College (PNEC) Pakistan Navy Engineering College (PNEC)     2 621.3815 BOY PNECLIB-029898 07/13/2016 07/11/2016   Book
          Pakistan Navy Engineering College (PNEC) Pakistan Navy Engineering College (PNEC)       621.3815 BOY PNECLIB-029891 09/23/2015     Book
          Pakistan Navy Engineering College (PNEC) Pakistan Navy Engineering College (PNEC)       621.3815 BOY PNECLIB-030238 01/05/2016     Book
          Pakistan Navy Engineering College (PNEC) Pakistan Navy Engineering College (PNEC)     3 621.3815 BOY PNECLIB-029900 09/23/2016 09/23/2016   Book
          Pakistan Navy Engineering College (PNEC) Pakistan Navy Engineering College (PNEC)     3 621.3815 BOY PNECLIB-030239 08/19/2016 08/19/2016   Book
© 2023 Central Library, National University of Sciences and Technology. All Rights Reserved.